000 00374nam a2200157Ia 4500
008 230917s9999||||xx |||||||||||||| ||und||
040 _e152741
_aMAIN
041 _aEnglish
082 _a342 W119A
100 _aWade, Sir William
245 0 _aAdministrative law
250 _a10th ed.
260 _aDelhi
_bUniversal Law
_c2009
300 _axli, 898p p.
942 _cBK
999 _c154367
_d154367